|
|
|
|
| LEADER |
00715nam a2200169 a 4500 |
| 008 |
090715s2004 bg 000 0 eng d |
| 020 |
|
|
|a 9840801678
|
| 082 |
0 |
0 |
|a 821.914
|2 20
|
| 100 |
1 |
|
|a Rahman, Nadeem.
|
| 245 |
1 |
0 |
|a Politically incorrect poems /
|c Nadeem Rahman.
|
| 260 |
|
|
|a Dhaka :
|b Academic Press and publishers Library,
|c 2004.
|
| 300 |
|
|
|a 145 p. ;
|c 22 cm.
|
| 541 |
1 |
|
|e 00013632
|
| 650 |
|
0 |
|a Bengali poetry
|x Translations into English.
|
| 852 |
4 |
|
|a Ayesha Abed Library
|j General shelf
|
| 999 |
|
|
|c 2474
|d 2474
|
| 952 |
|
|
|0 0
|1 0
|2 ddc
|4 0
|6 821_914000000000000_RAH
|7 0
|9 2290
|a BRACUL
|b BRACUL
|c GEN
|d 2009-07-16
|g 0.00
|l 2
|m 15
|o 821.914 RAH
|p 3010013632
|r 2025-10-09
|s 2025-08-11
|t 1
|w 2009-07-16
|y BK
|x No price found in the accession register.
|